10 pays avec le plus de lancements de fusées - Statistiques

Statistiques générales
  • Ce quiz a été pris 31 fois
  • Le résultat moyen est 8 sur 10
Statistiques - réponses
Hint Réponse % Correct
700+ lancements Chine
100%
2 000+ lancements États-Unis
100%
150+ lancements France
100%
200+ lancements Japon
97%
3 300+ lancements Russie
97%
180+ lancements Inde
90%
20+ lancements Iran
61%
10+ lancements Corée du Nord
58%
15+ lancements Israël
45%
50+ lancements Nouvelle-Zélande
23%
Aucun quiz correspondant
Distribution des résultats
% des personnes avec chaque résultat
Percentile par nombre de réponses
Votre historique - résultats
Vous n’avez pas pris ce quiz